| 000 | 00479nam a22001457a 4500 | ||
|---|---|---|---|
| 005 | 20250627135841.0 | ||
| 008 | 250627b |||||||| |||| 00| 0 eng d | ||
| 020 | _a9780917006272 | ||
| 050 |
_aBS1193 _bWIL |
||
| 100 | _aWILSON WILLIAM | ||
| 245 |
_aWILSON'S OLD TESTAMENT WORD STUDIES; _bA VALUABLE AID THAT WILL HELP YOUBUNDERSTAND THE PRECISE MEANING OF HEBREW WORDS USED IN THE BIBLE |
||
| 260 |
_aMASSACHUSETTS _bHENDRICKSON PUBLISHERS |
||
| 300 | _a566p | ||
| 942 |
_2lcc _cBK _n0 |
||
| 999 |
_c6741 _d6741 |
||